000 00911nam a22002537a 4500
005 20110922112255.0
008 110922t xxu||||| |||| 00| 0 eng d
010 _aENG-103749
020 _c30.00
_a9788189524630
035 _aEN-87282
037 _bDBAD/PUB
040 _aDPL
_bEng
082 _a305.560954
100 _934730
_aSilver, Hilary
245 _aThe process of social exclusion :
_cby Hilary Silver
_bthe dynamics of an evolving concept /
260 _aNew Delhi
_bCritical Quest
_c2011
270 _a420, G-Block, Phase VI, Aya Nagar
_bNew Delhi
_e110047
300 _a40p.
_c22cm (pbk)
500 _aIncludes bibliographical references
650 _934754
700 _934731
942 _2ddc
_cEN
_mSIL
_h305.560954
999 _c56842
_d56842